[Event "178th open MGU 7-8 January 2017"]
[Site "Sofia"]
[Date "2017.01.07"]
[Round "1.1"]
[White "Metev, Martin"]
[Black "Tsyntsarski, Boyko"]
[Result "1-0"]
[WhiteElo "2062"]
[BlackElo "1636"]
[PlyCount "89"]
[EventDate "2017.01.07"]
[EventType "swiss"]
[EventRounds "6"]
[EventCountry "BUL"]

1. e4 g6 2. Nf3 Bg7 3. Nc3 d6 4. d4 Nf6 5. Bf4 c6 6. Qd2 h5 ({RR} 6... Qa5 7.
h3 Nbd7 8. O-O-O b5 9. e5 b4 10. exf6 bxc3 11. Qxc3 Qf5 12. fxg7 Qxf4+ 13. Kb1
Rg8 14. Qxc6 Rb8 15. Bb5 Kd8 16. Rd3 Qf5 17. Rc3 Qxb5 18. Qc7+ {
1-0 Stangl,M (2535)-Azmaiparashvili,Z (2625)/Tilburg 1994/CBM 044}) ({RR} 6...
Bg4 7. Be2 d5 8. exd5 cxd5 {
1/2 Stamatovic,A (2215)-Cvetkovic,S (2301)/Grocka 2015/EXT 2016}) 7. O-O-O d5
$146 ({RR} 7... b5 8. Bd3 Qa5 9. a3 Qb6 10. e5 dxe5 11. dxe5 Ng4 12. Nxb5 O-O
13. Nbd4 Nd7 14. Rde1 c5 15. Nb3 Bb7 16. h3 Bxf3 17. hxg4 Bxg4 18. Bc4 Rad8 19.
Qa5 e6 20. Qxb6 axb6 21. f3 Bf5 22. Rhg1 {
Le Minh,V (1627)-Sawlin,L (1520)/Uelzen 2007/EXT 2009/1-0 (56)}) 8. e5 Ng4 9.
Bd3 Bh6 10. Bxh6 Nxh6 11. Nh4 e6 12. g3 Nf5 13. Nxf5 exf5 14. Ne2 Be6 15. Kb1
Qe7 16. Qa5 O-O 17. Qd2 Kg7 18. h3 Nd7 19. f3 Rh8 20. Nf4 h4 21. g4 fxg4 22.
hxg4 c5 23. c3 cxd4 24. cxd4 Nb6 25. Rc1 Rac8 26. Rxc8 Rxc8 27. g5 Nc4 28. Bxc4
Rxc4 29. Nxe6+ Qxe6 30. Qf4 h3 31. b3 Rb4 32. Kb2 Qc8 33. Qh4 Qh8 34. Qxh8+
Kxh8 35. Rxh3+ Kg7 36. Rh4 a5 37. Kc3 Rb6 38. Rf4 Rc6+ 39. Kd2 a4 40. Rf6 Rc8
41. Rd6 axb3 42. axb3 Ra8 43. Rxd5 Ra2+ 44. Ke3 Rb2 45. Rb5 1-0

[Event "178th open MGU 7-8 January 2017"]
[Site "Sofia"]
[Date "2017.01.07"]
[Round "1.2"]
[White "Babatov, Martin"]
[Black "Huebner, Thomas"]
[Result "1-0"]
[WhiteElo "1625"]
[BlackElo "1880"]
[PlyCount "59"]
[EventDate "2017.01.07"]
[EventType "swiss"]
[EventRounds "6"]
[EventCountry "BUL"]

1. d4 Nf6 2. c4 g6 3. Nc3 Bg7 4. e4 d6 5. h3 O-O 6. Nf3 e5 7. d5 Nbd7 8. Bd3 a5
9. Be3 Nh5 ({RR} 9... b6 10. Bc2 Nc5 11. a3 Bd7 12. Nd2 Nh5 13. b4 axb4 14.
axb4 Na6 15. Rb1 Nf4 16. Kf1 f5 17. g3 fxe4 18. Ndxe4 Bxh3+ 19. Rxh3 Nxh3 20.
Qg4 Qc8 21. Qxc8 Raxc8 22. Bd1 h5 23. Kg2 Nf4+ 24. gxf4 {
Sanguineti,R (2505)-Rossetto,H (2410)/Buenos Aires 1977/MCD/1-0 (44)}) ({RR} 
9... Ne8 10. Qd2 f5 11. Bh6 Nc5 12. Bxg7 Kxg7 13. Bc2 h6 14. O-O f4 15. a3 a4
16. Rfb1 g5 17. b4 axb3 18. Bxb3 Nf6 19. Bc2 g4 20. hxg4 Bxg4 21. Nh2 Qe8 22.
f3 Bd7 23. Qf2 Qg6 24. Nf1 {
Jaramillo,A (1431)-Norena Yepez,V (1486)/Medellin 2016/CBM 171 Extra/0-1 (50)})
10. Qd2 Nc5 11. Ne2 $146 ({RR} 11. g4 Nf4 12. Bxf4 exf4 13. Bc2 f5 14. gxf5
gxf5 15. e5 dxe5 16. O-O-O Qf6 17. h4 a4 18. a3 Ra6 19. h5 e4 20. h6 Bxh6 21.
Rdg1+ Bg7 22. Ng5 h6 23. Nh3 Qe5 24. Nxf4 Kh7 25. Qe3 Nb3+ {
Irsai,J (2270)-Chmelik,L (2260)/Slovakia 1997/EXT 1998/1-0 (34)}) ({RR} 11. Bc2
Nf4 12. g4 ({RR} 12. Bxf4 exf4 13. Qxf4 f5 14. e5 dxe5 15. Qe3 Qe7 16. O-O-O
Bd7 17. Rhe1 Rae8 18. Kb1 Qd6 19. a4 Kh8 20. h4 h6 21. Qd2 Qb6 22. d6 cxd6 23.
Qxd6 Qxd6 24. Rxd6 e4 25. Ng1 Rf6 26. Rd5 b6 {
Popov,G (2205)-Pribeanu,M (2181)/Mondariz 2003/EXT 2004/0-1}) 12... Ng2+ 13.
Ke2 Nxe3 14. Qxe3 f5 15. gxf5 gxf5 16. Rag1 Kh8 17. Qg5 Qxg5 18. Rxg5 fxe4 19.
Nxe4 Nxe4 20. Bxe4 Rf4 21. Nd2 Bh6 22. Rh5 Rf6 23. Rg1 Bd7 24. Rg3 Raf8 25. Rf3
Kg7 {Detelic,M (1927)-Dokmanovic,N (2115)/Rabac 2004/CBM 102 Extra/1/2}) 11...
Nf4 12. Nxf4 exf4 13. Bxf4 Bxb2 14. Rb1 Bg7 15. O-O Re8 16. Rfe1 h6 17. Bc2 Kh7
18. e5 dxe5 19. Nxe5 Kg8 20. Rb5 b6 21. Nc6 Rxe1+ 22. Qxe1 Qd7 23. Be5 Ba6 24.
Bxg7 Bxb5 25. cxb5 Kxg7 26. Qe5+ Kh7 27. Qf6 Rg8 28. Ne5 Qd6 29. Qxf7+ Rg7 30.
Qe8 $138 1-0

[Event "178th open MGU 7-8 January 2017"]
[Site "Sofia"]
[Date "2017.01.07"]
[Round "1.3"]
[White "Vasilev, Lyuboslav"]
[Black "Mladenov, Andrey"]
[Result "1-0"]
[WhiteElo "1813"]
[BlackElo "1589"]
[PlyCount "29"]
[EventDate "2017.01.07"]
[EventType "swiss"]
[EventRounds "6"]
[EventCountry "BUL"]

1. Nf3 Nf6 2. g3 g6 3. Bg2 Bg7 4. c4 d6 5. h3 O-O 6. d4 c6 7. Nc3 Nbd7 8. O-O
Qc7 9. e4 e5 10. Be3 Re8 11. Re1 exd4 ({RR} 11... h6 12. Qd2 ({RR} 12. Rc1 g5
13. d5 c5 14. a3 Nf8 15. Nh2 Ng6 16. Ng4 Nh7 17. Bd2 Ne7 18. Ne3 a6 19. Qf3 Rb8
20. Nf5 Qd7 21. Nxe7+ Qxe7 22. Nd1 Nf8 23. Ne3 Qf6 24. Qxf6 Bxf6 25. b4 b6 26.
Rb1 Bd7 {Grigoryan,K (2602)-Amini,A (2111)/Mashhad 2016/CBM 170 Extra/1-0 (38)}
) 12... Kh7 13. Rad1 Ng8 14. Nh2 Nf8 15. f4 exf4 16. Bxf4 g5 17. Be3 Ng6 18.
Rf1 Nf6 19. Rf2 Rf8 20. Rdf1 Qe7 21. b4 Bd7 22. c5 dxc5 23. bxc5 Nh5 24. Ne2
Rae8 25. g4 Nf6 26. e5 {
Galliamova,A (2453)-Michna,M (2410)/Gothenburg 2005/CBM 107 Extra/1-0 (47)})
12. Bxd4 Ne5 $146 ({RR} 12... Nc5 13. e5 Nfd7 14. exd6 Rxe1+ 15. Qxe1 Qxd6 16.
Rd1 Qe6 17. Qf1 Qe7 18. Re1 Ne6 19. Bxg7 Kxg7 20. Nd4 Ndf8 21. Qd3 Bd7 22. Qe4
Re8 23. Qe5+ f6 24. Qe4 Qd6 25. Rd1 Nxd4 26. Qxd4 Re1+ 27. Kh2 {
Kong,D (1957)-Chiku Ratte,O (1284)/Victoria 2009/EXT 2011/1-0 (75)}) 13. b3
Nxf3+ $2 (13... Nfd7 $142 $11) 14. Qxf3 Bd7 $4 (14... Nh5 $142 $16) 15. Bxf6
1-0

[Event "178th open MGU 7-8 January 2017"]
[Site "Sofia"]
[Date "2017.01.07"]
[Round "1.4"]
[White "Tsenkov, Tsenko"]
[Black "Sharkov, Venko"]
[Result "0-1"]
[WhiteElo "1540"]
[BlackElo "1701"]
[PlyCount "46"]
[EventDate "2017.01.07"]
[EventType "swiss"]
[EventRounds "6"]
[EventCountry "BUL"]

1. e4 e5 2. Bc4 Nc6 3. Nf3 Bc5 4. b4 Bxb4 5. c3 Ba5 6. d4 exd4 7. O-O Nge7 8.
cxd4 d5 9. exd5 Nxd5 10. Qb3 Be6 11. Ba3 Bb4 12. Bxb4 Ncxb4 13. a3 Nc6 14. Qxb7
Na5 15. Qa6 Nxc4 16. Qc6+ Kf8 17. Qxc4 g6 18. Qc6 Kg7 19. Re1 Qd6 20. Qxd6 cxd6
21. Nbd2 Rhc8 22. Rad1 Nc3 23. Rc1 Ne2+ 0-1

[Event "178th open MGU 7-8 January 2017"]
[Site "Sofia"]
[Date "2017.01.07"]
[Round "1.5"]
[White "Kosturkov, Krasimir"]
[Black "Anavi, David"]
[Result "1-0"]
[WhiteElo "1679"]
[BlackElo "1292"]
[PlyCount "69"]
[EventDate "2017.01.07"]
[EventType "swiss"]
[EventRounds "6"]
[EventCountry "BUL"]

1. e4 e5 2. Nf3 Nc6 3. Bb5 a6 4. Ba4 Nf6 5. O-O Be7 6. Re1 b5 7. Bb3 O-O 8. c3
d5 9. exd5 Nxd5 10. Nxe5 Nxe5 11. Rxe5 c6 12. d4 Bd6 13. Re1 Qh4 14. g3 Qh3 15.
Be3 Bg4 16. Qd3 Rae8 17. Nd2 Kh8 18. Bxd5 cxd5 19. Qf1 ({RR} 19. a4 Bd7 20. Qf1
Qh5 21. f4 Re6 22. Qf3 Qf5 23. Kf2 Rh6 24. Rh1 bxa4 25. h3 Qc2 26. g4 Re6 27.
Rae1 Rfe8 28. Re2 Qxb2 29. Nf1 Qxc3 30. f5 Re4 31. f6 g6 32. Rg1 Bb5 33. Ng3
Qd3 {Boswell,J (1798)-Ruane,B (1797)/Bournemouth 2016/CBM 173 Extra/0-1 (35)})
19... Qh5 20. f4 Re6 21. a4 $146 ({RR} 21. Qg2 Bh3 22. Qf3 Bg4 23. Qg2 {
1/2 Tesar,M (1996)-Dolezal,R (1961)/Rakovnik 2015/EXT 2016}) 21... Rh6 22. Qg2
b4 23. f5 Rf6 (23... g5 $142 $11) 24. Qxd5 Bc7 25. Qc5 (25. cxb4 $142) 25...
Bd6 26. Qd5 Bc7 27. Rf1 Rd8 28. Qc4 Bxg3 29. hxg3 Be2 30. Qc7 Rfd6 31. Rf2 bxc3
32. bxc3 R8d7 33. Qc5 Rd8 34. Rb1 Qg4 35. Qxd6 1-0

[Event "178th open MGU 7-8 January 2017"]
[Site "Sofia"]
[Date "2017.01.07"]
[Round "2.1"]
[White "Sharkov, Venko"]
[Black "Metev, Martin"]
[Result "0-1"]
[WhiteElo "1701"]
[BlackElo "2062"]
[PlyCount "108"]
[EventDate "2017.01.07"]
[EventType "swiss"]
[EventRounds "6"]
[EventCountry "BUL"]

1. Nf3 d5 2. c4 e6 3. d4 c6 4. g3 Nd7 5. Qc2 Ngf6 6. Bg2 Be7 7. O-O O-O 8. Nbd2
b6 9. Rd1 ({RR} 9. Ne5 Nxe5 10. dxe5 Nd7 11. Nf3 Ba6 12. b3 b5 13. cxd5 cxd5
14. Bb2 Rc8 15. Qd2 b4 16. Rfc1 Qb6 17. Bd4 Bc5 18. e3 Rc7 19. h4 Rfc8 20. Bb2
Be7 21. Bd4 Bc5 22. Bb2 Be7 23. Bd4 Bc5 {
Nguyen,P (2047)-Pham,M (1965)/Ho Chi Minh City 2016/CBM 171 Extra/1/2}) 9...
Bb7 10. e4 dxe4 ({RR} 10... dxc4 11. e5 Nd5 12. Qxc4 c5 13. Nb3 cxd4 14. Qxd4
Qc7 15. Bd2 Rac8 16. Rac1 Qb8 17. Re1 Rxc1 18. Nxc1 Rc8 19. Nb3 Qc7 20. Rc1 {
1/2 Najer,E (2664)-Buhmann,R (2584)/Germany 2012/CBM 152}) 11. Ng5 c5 $146 ({RR
} 11... Qc8 12. Ndxe4 h6 13. Nxf6+ Nxf6 14. Ne4 c5 15. dxc5 Bxe4 16. Bxe4 Nxe4
17. Qxe4 Bxc5 18. Bf4 {
1/2 Poehlmann,R (2273)-Feinstein,M (2259)/Reno 2005/EXT 2009}) 12. Ngxe4 Qc7
13. Nxf6+ Nxf6 14. Ne4 cxd4 15. Rxd4 Rac8 16. Qd3 {Äèàãðàììà #} Nxe4 $6 (16...
Bxe4 $142 $19) 17. Bxe4 Bxe4 18. Rxe4 Rfd8 19. Qe2 Bf6 20. Bf4 Qc6 21. Re1 h6
22. b3 Rd7 23. Qf3 e5 24. Bxh6 $2 (24. Bc1 $142 $15) 24... gxh6 25. Rg4+ Kf8
26. Qf5 Qe6 27. Qh5 Bg7 28. Re3 Qc6 29. Rh4 Rcd8 30. Rf3 Qe6 31. Rg4 e4 32. Rf5
e3 33. fxe3 $142 Qxe3+ (33... Rd1+ 34. Kg2 R8d2+ 35. Kh3 Rh1 $19) 34. Kg2 Qe6
35. Rg6 Qe4+ 36. Kh3 Kg8 37. Rg4 Qe6 38. Re5 Qf6 39. Rf5 Qc6 40. Rgf4 Qg6 41.
Qf3 Rd3 42. Qb7 R8d7 43. Qc8+ Kh7 44. Qe8 Rd2 45. Rxf7 Rxf7 46. Qxf7 Qxf7 47.
Rxf7 Rxa2 48. Rd7 Ra3 49. Rb7 Kg6 50. Kg4 Rxb3 51. Rxa7 Rb4 52. Rc7 b5 53. Rc6+
Bf6 54. Rb6 Rxc4+ 0-1

[Event "178th open MGU 7-8 January 2017"]
[Site "Sofia"]
[Date "2017.01.07"]
[Round "2.2"]
[White "Kosturkov, Krasimir"]
[Black "Vasilev, Lyuboslav"]
[Result "0-1"]
[WhiteElo "1679"]
[BlackElo "1813"]
[PlyCount "58"]
[EventDate "2017.01.07"]
[EventType "swiss"]
[EventRounds "6"]
[EventCountry "BUL"]

1. e4 e5 2. Nf3 Nc6 3. Bb5 Nf6 4. O-O Nxe4 5. d4 Nd6 6. Bxc6 dxc6 7. dxe5 Nf5
8. Qxd8+ Kxd8 9. Rd1+ Ke8 10. g4 $6 (10. Nc3 $142) ({RR} 10. Bf4 Ne7 11. h3 Ng6
12. Bh2 Be7 13. Nc3 Bd7 14. Nd4 Nf8 15. Rd2 Rd8 16. Rad1 Bc8 17. Nce2 a6 18.
Nf4 c5 19. Nde2 Rxd2 20. Rxd2 h5 21. Nd5 Bd8 22. Nef4 h4 23. c4 Ne6 24. Nxe6
Bxe6 {Dominguez Perez,L (2754)-Grischuk,A (2783)/Beijing 2013/CBM 158/1/2 (48)}
) ({RR} 10. h3 h5 11. Nc3 Bb4 12. Ne2 Bd7 13. a3 Bc5 14. Ned4 Nxd4 15. Nxd4 Rd8
16. Be3 Bxd4 17. Rxd4 Be6 18. Rad1 Rxd4 19. Rxd4 Ke7 20. Rd2 b6 21. Bg5+ f6 22.
exf6+ gxf6 23. Bf4 Rd8 24. Rxd8 Kxd8 {
Rytenko,V (2249)-Bunyatov,R (2215)/Lvov 2016/CBM 171 Extra/1/2 (32)}) 10... Ne7
11. h3 {Äèàãðàììà #} h5 $146 ({RR} 11... c5 12. Be3 b6 13. Nc3 a6 14. a4 Bb7
15. Ng5 h6 16. Nge4 Nc6 17. f4 Nb4 18. Rd2 Rd8 19. Rad1 Rxd2 20. Rxd2 Bxe4 21.
Nxe4 Nc6 22. Nc3 Be7 23. Nd5 Bd8 24. Bf2 h5 25. Bg3 hxg4 26. hxg4 {
Tulacz,D (2032)-Kotermanska,A/Bartkowa 2002/EXT 2005/1-0 (35)}) 12. Rd4 c5 13.
Rc4 b6 14. Nh2 Be6 15. Re4 Rd8 16. Nc3 Nd5 17. Nxd5 Rxd5 18. Bf4 Be7 19. a4 a5
20. Bg3 Rd2 21. Rc1 g5 22. f4 Bd5 23. Re3 hxg4 24. hxg4 c4 25. Nf3 Bxf3 26.
Rxf3 Rh3 27. Rcf1 Bc5+ 28. R1f2 Bxf2+ 29. Rxf2 Rxg3+ 0-1

[Event "178th open MGU 7-8 January 2017"]
[Site "Sofia"]
[Date "2017.01.07"]
[Round "2.3"]
[White "Stefanov, Georgi"]
[Black "Babatov, Martin"]
[Result "0-1"]
[WhiteElo "1262"]
[BlackElo "1625"]
[PlyCount "80"]
[EventDate "2017.01.07"]
[EventType "swiss"]
[EventRounds "6"]
[EventCountry "BUL"]

1. e4 c6 2. d4 d5 3. e5 Bf5 4. Bd3 Bxd3 5. Qxd3 e6 6. f4 Ne7 7. Nf3 Nf5 ({RR} 
7... Qa5+ 8. c3 Qa6 9. Qxa6 Nxa6 10. b4 Nc7 11. Bb2 a5 12. a3 Nc8 13. Nbd2 Nb6
14. Kd1 f5 15. g3 Be7 16. Kc2 Nc4 17. Nxc4 dxc4 18. Nd2 b5 19. h4 Kd7 20. Rag1
Nd5 21. Re1 axb4 22. axb4 {
Mravunac,B (2107)-Dizdarevic,E (2519)/Sibenik 2009/CBM 130 Extra/0-1 (50)}) ({
RR} 7... Nd7 8. b3 Nf5 9. g4 Nh4 10. Nxh4 Qxh4+ 11. Qg3 Be7 12. O-O h5 13. g5
Qxg3+ 14. hxg3 c5 15. Be3 cxd4 16. Bxd4 Bc5 17. Bxc5 Nxc5 18. Nd2 Ke7 19. b4
Na6 20. b5 Nc5 21. Nb3 Ne4 22. Kg2 {
Obrusnik,D (1748)-Goluch,P (2308)/Hucisko 2016/CBM 170 Extra/0-1 (37)}) 8. Nbd2
Nd7 9. O-O Be7 10. Re1 $146 ({RR} 10. Kh1 O-O 11. Rf2 c5 12. c3 cxd4 13. cxd4
Rc8 14. Nf1 Nb6 15. g4 Nh4 16. Nxh4 Bxh4 17. Rg2 f6 18. Bd2 Nc4 19. Bc3 fxe5
20. fxe5 Rf2 21. Rxf2 Bxf2 22. Nd2 Nxd2 23. Qxd2 Bh4 24. Rf1 Qg5 {
Maeckelbergh,A-Skerute,I/Guardamar 1997/EXT 2011/1/2 (32)}) 10... Qb6 11. Nf1
c5 12. c3 cxd4 13. cxd4 Rc8 14. Ne3 Nxe3 15. Qxe3 h6 16. b3 Bb4 17. Bd2 O-O 18.
Rac1 Nb8 19. Bxb4 Qxb4 20. f5 exf5 21. e6 Qe7 22. exf7+ Qxf7 23. Ne5 Qe6 24.
Qf3 Rxc1 25. Rxc1 Nd7 26. Nxd7 Qxd7 27. Rc5 Rd8 28. Qg3 Rc8 29. Qc3 Rxc5 30.
Qxc5 b6 31. Qc3 Qe6 32. Kf2 Qe4 33. Qe3 Qxe3+ 34. Kxe3 g5 35. Kd3 Kf7 36. Kc3
a5 37. b4 f4 38. bxa5 bxa5 39. Kb3 g4 40. Ka4 f3 0-1

[Event "178th open MGU 7-8 January 2017"]
[Site "Sofia"]
[Date "2017.01.07"]
[Round "2.4"]
[White "Huebner, Thomas"]
[Black "Mladenov, Andrey"]
[Result "1/2-1/2"]
[WhiteElo "1880"]
[BlackElo "1589"]
[PlyCount "178"]
[EventDate "2017.01.07"]
[EventType "swiss"]
[EventRounds "6"]
[EventCountry "BUL"]

1. e4 c5 2. Nf3 Nc6 3. d4 cxd4 4. Nxd4 Nf6 5. Nc3 e5 6. Nf5 d5 7. exd5 Bxf5 8.
dxc6 Qxd1+ 9. Nxd1 bxc6 10. Ne3 Bg6 11. Ba6 ({RR} 11. Be2 O-O-O 12. Bd2 Bc5 13.
Ba5 Rd7 14. Ng4 Nxg4 15. Bxg4 f5 16. Be2 Rd5 17. Bc3 Bd4 18. Bxd4 Rxd4 19. Rd1
Rhd8 20. Rxd4 Rxd4 21. g3 Bf7 22. a3 Bc4 23. Bxc4 Rxc4 24. c3 Kd7 25. Kd2 Rc5 {
Zhang,P (2560)-Kryvoruchko,Y (2474)/Cappelle-la-Grande 2005/EXT 2006/1/2 (37)})
11... Rb8 12. O-O Rb6 ({RR} 12... Bc5 13. Nc4 O-O 14. Nxe5 Bxc2 15. Bg5 Ne4 16.
Bh4 g5 17. Bg3 Rxb2 18. Nd7 Rd8 19. Nxc5 Nxc5 20. Be5 Rb4 21. Rfc1 Nxa6 22.
Rxc2 c5 23. Bf6 Rdb8 24. Bxg5 Rb1+ 25. Rc1 Rxa1 26. Rxa1 Kg7 27. h3 {
Wakuruwarewa,C (1716)-Ranasinghe,S (1731)/Baku 2016/CBM 174 Extra/1-0 (59)})
13. Bc4 Be7 $146 ({RR} 13... Nd7 14. Bb3 Be7 15. Rd1 Nc5 16. Nc4 Nxb3 17. axb3
Rb7 18. c3 f6 19. Nd6+ Bxd6 20. Rxd6 Rc7 21. Be3 O-O 22. h3 Rb8 23. b4 Rbb7 24.
Rd8+ Kf7 25. Ra8 Ke6 26. R8xa7 Rxa7 27. Bxa7 Kd5 28. Bc5 {
Maynat Diaz,J (1897)-Bimbatti Dorante,G (2048)/Mataro 2010/EXT 2011/1/2}) 14.
Bb3 O-O 15. Nc4 Rb5 16. Re1 e4 17. Be3 a6 18. Rad1 Nd5 19. Bd4 f6 20. Nd2 f5
21. c4 Rxb3 22. Nxb3 Nb4 23. Bc5 Bxc5 24. Nxc5 Nxa2 25. Nxa6 Ra8 26. Nc5 Ra5
27. Nb3 (27. Rd8+ Kf7 28. Nb3 Ra7 29. Ra1 Rb7 30. Rxa2 Rxb3 31. Rd6 $18) 27...
Re5 28. Rd8+ Kf7 29. Ra1 Nb4 30. Ra7+ Kf6 31. h4 Re6 32. Nd4 Re7 33. Rxe7 Kxe7
34. Rb8 c5 35. Nb3 Nd3 36. Na5 Kd6 37. Rb6+ Ke5 38. g3 Kd4 39. Rd6+ Ke5 40.
Rd5+ Ke6 41. b3 Be8 42. Nb7 Ne5 43. Nxc5+ Kf6 44. Rd6+ Kf7 45. Kf1 Ng4 46. b4
Ne5 47. b5 Nxc4 48. Ra6 Bxb5 49. Ra7+ Kg6 50. Kg2 Ne5 51. Ne6 Bd7 52. Nf4+ Kf6
53. Nd5+ Ke6 54. Ne3 g6 55. Ra8 Nf7 56. Ra6+ Ke5 57. Ra7 Be6 58. Rc7 h6 59.
Rc5+ Kd4 60. Ra5 Nd6 61. Ra8 Nf7 62. Rg8 Ne5 63. Rd8+ Kc5 64. Rh8 Nf7 65. Rg8
Ne5 66. Rg7 Kd6 67. Kf1 Kc5 68. Ke2 Kd6 69. Kd2 Bf7 70. Rh7 h5 71. Ng2 Ke6 72.
Nf4+ Kf6 73. Nh3 Ng4 74. Kc3 Bd5 75. Kd4 Bc6 76. Kc5 Ba4 77. Kd6 Bb5 78. Kd5
Bf1 79. Ng5 Ne5 80. Ra7 Bc4+ 81. Kd4 Nc6+ 82. Kxc4 Nxa7 83. Kd4 Nc6+ 84. Ke3
Ne5 85. Nh3 Ng4+ 86. Kf4 Ne5 87. Ng5 Nd3+ 88. Ke3 Ke5 89. Nf7+ Kf6 1/2-1/2

[Event "178th open MGU 7-8 January 2017"]
[Site "Sofia"]
[Date "2017.01.07"]
[Round "2.5"]
[White "Tsyntsarski, Boyko"]
[Black "Tsenkov, Tsenko"]
[Result "1-0"]
[WhiteElo "1636"]
[BlackElo "1540"]
[PlyCount "69"]
[EventDate "2017.01.07"]
[EventType "swiss"]
[EventRounds "6"]
[EventCountry "BUL"]

1. d4 d5 2. c4 e6 3. cxd5 exd5 4. Nc3 Nf6 5. Bg5 c6 6. e3 Be7 7. Bd3 Be6 8.
Nge2 O-O ({RR} 8... h6 9. Bh4 Nbd7 10. Qc2 c5 11. Nf4 O-O 12. O-O Rc8 13. Rad1
a6 14. Bf5 Rc6 15. dxc5 Qa5 16. Nfxd5 Nxd5 17. Bxe7 Nxe7 18. Bxe6 Nxc5 19. Bg4
b5 20. Bf3 Rc7 21. Nd5 Nxd5 22. Bxd5 Na4 23. Qe2 {
Van Wely,L (2655)-Kupreichik,V (2500)/Germany 1998/GER-chT/1-0 (32)}) 9. Nf4 ({
RR} 9. Qc2 Nbd7 10. O-O h6 11. Bh4 Ne8 12. Bg3 Nd6 13. Rad1 Rc8 14. Nf4 c5 15.
Qe2 c4 16. Bb1 Nf6 17. f3 g5 18. Nxe6 fxe6 19. e4 dxe4 20. fxe4 Nd7 21. Qh5 Kg7
22. Bxd6 {1-0 Dutreuil,R (2201)-Gac,R (1571)/Angers 2016/CBM 172 Extra}) 9...
Nbd7 10. Nxe6 $146 ({RR} 10. O-O Re8 11. Nxe6 fxe6 12. f4 Qc7 13. Rc1 a6 14.
Qf3 Nf8 15. Qh3 Rab8 16. f5 h6 17. Bxf6 Bxf6 18. fxe6 Rxe6 19. Nxd5 Qd6 20.
Nxf6+ Rxf6 21. Bc4+ Kh8 22. Rxf6 Qxf6 23. Rf1 Qe7 24. Qg3 Re8 {
Mildner,J-Vlach,M/Mecklenburg VP 1998/EXT 2002/1-0}) 10... fxe6 11. Qc2 h6 12.
Bh4 e5 13. Bxf6 Bxf6 14. dxe5 Nxe5 15. Bh7+ Kh8 16. O-O Qe8 17. Bf5 Bh4 18.
Rad1 Qf7 19. e4 g6 20. Bh3 dxe4 21. Nxe4 Be7 22. f4 Rad8 23. fxe5 Rxd1 24. Qxd1
Qc4 25. Rxf8+ Bxf8 26. Nd6 Qc5+ 27. Kf1 Kg7 28. Ne8+ Kh8 29. Nd6 Kh7 30. Ne8
Kh8 31. e6 Qe7 32. Qd7 Qg5 33. Qd4+ Kh7 34. Nf6+ Kh8 35. Ne4+ 1-0

[Event "178th open MGU 7-8 January 2017"]
[Site "Sofia"]
[Date "2017.01.07"]
[Round "3.1"]
[White "Metev, Martin"]
[Black "Babatov, Martin"]
[Result "1-0"]
[WhiteElo "2062"]
[BlackElo "1625"]
[PlyCount "77"]
[EventDate "2017.01.07"]
[EventType "swiss"]
[EventRounds "6"]
[EventCountry "BUL"]

1. e4 c6 2. d4 d5 3. Nc3 dxe4 4. Nxe4 Bf5 5. Ng3 Bg6 6. Nf3 Nd7 7. Nh4 e6 8.
Nxg6 hxg6 9. c3 Qc7 10. Bd2 ({RR} 10. Qf3 Ngf6 11. Bd2 O-O-O 12. O-O-O c5 13.
Bf4 Bd6 14. Bxd6 Qxd6 15. Be2 Qc7 16. Kb1 c4 17. h3 Nb6 18. Rhe1 Rd5 19. Rd2 e5
20. Ne4 {1/2 Metev,M (2040)-Andreev,D (1906)/Sofia 2016/CBM 174 Extra}) 10...
Ngf6 11. Bc4 Bd6 12. Qf3 a6 $146 ({RR} 12... Qb6 13. O-O-O O-O-O 14. Be3 Qc7
15. h3 Rdf8 16. Ne4 Nxe4 17. Qxe4 Nf6 18. Qc2 Nd5 19. Rdf1 a6 20. Kb1 Kb8 21.
Qb3 Ka8 22. Rc1 Rc8 23. Be2 Rhf8 24. c4 Nxe3 25. fxe3 c5 26. Qa4 Ka7 27. b4 {
Zorman,A (1904)-Zaric,A (1789)/Osijek 2015/CBM 165 Extra/0-1 (62)}) 13. Bb3 O-O
14. h4 Bxg3 15. fxg3 Nh5 $2 (15... e5 $1 16. O-O-O e4) 16. g4 Qg3+ 17. Ke2
Qxf3+ 18. Kxf3 Nhf6 19. h5 gxh5 20. gxh5 c5 21. g4 cxd4 22. cxd4 Nd5 (22... Nb8
$142 23. Bg5 Nc6 $14) 23. Rac1 (23. h6 $142) 23... Rac8 24. g5 g6 25. h6 Kh7
26. Ke4 N7b6 27. a4 Ne7 28. Bb4 Nbd5 29. Bxd5 exd5+ 30. Kd3 Rfe8 31. Rxc8 Nxc8
32. Rc1 Nb6 33. Rc7 Nxa4 34. Rxf7+ Kg8 35. Rg7+ Kh8 36. Ba3 Re6 37. Rxb7 Rc6
38. Be7 Rb6 39. Bf6+ 1-0

[Event "178th open MGU 7-8 January 2017"]
[Site "Sofia"]
[Date "2017.01.07"]
[Round "3.2"]
[White "Vasilev, Lyuboslav"]
[Black "Sharkov, Venko"]
[Result "1-0"]
[WhiteElo "1813"]
[BlackElo "1701"]
[PlyCount "143"]
[EventDate "2017.01.07"]
[EventType "swiss"]
[EventRounds "6"]
[EventCountry "BUL"]

1. Nf3 Nf6 2. g3 g6 3. Bg2 Bg7 4. c4 O-O 5. d4 d6 6. h3 c5 7. Nc3 cxd4 8. Nxd4
a6 9. O-O Qc7 10. b3 ({RR} 10. Nd5 Nxd5 11. cxd5 e5 12. Nc2 f5 13. Be3 Nd7 14.
Rc1 Nf6 15. Na3 Qd8 16. Nc4 b5 17. Bb6 Qd7 18. Na5 Ne8 19. Rc6 Bf6 20. Qc2 Bd8
21. Bxd8 Qxd8 22. b4 Bd7 23. Rc3 Ra7 24. Rc1 Rf7 {
Saunders,W (2054)-Camp,S (1681)/Cardiff 2016/CBM 171 Extra/1-0 (34)}) 10... Nc6
11. Be3 h6 $146 ({RR} 11... Rb8 12. Rc1 Bd7 13. Qd2 Nxd4 14. Bxd4 Bc6 15. Nd5
Bxd5 16. cxd5 Qd7 17. e4 Rbc8 18. f4 Qb5 19. Kh2 Nd7 20. Bxg7 Kxg7 21. Qd4+ Kg8
22. e5 Nc5 23. Rc4 Rfd8 24. Rfc1 Qe8 25. h4 Nd7 26. e6 {
Rostgaard,T (2051)-Hansen,H (1832)/Helsingor 2009/CBM 131 Extra/1-0 (55)}) ({RR
} 11... Bd7 12. Rc1 Qa5 ({RR} 12... Qd8 13. Kh2 Nxd4 14. Bxd4 Bc6 15. e4 e6 16.
Re1 Qe7 17. f4 Rac8 18. Qe2 Ng4+ 19. Qxg4 Bxd4 20. e5 Bxc3 21. Rxc3 Bxg2 22.
Kxg2 {1/2 Jovanovic,M (1974)-Jandric,D/Belgrade 2009/CBM 129 Extra}) ({RR} 
12... Nxd4 13. Bxd4 Bc6 14. e4 Rac8 15. Qd2 Qa5 16. Rfd1 Qd8 17. b4 b5 18. cxb5
axb5 19. a4 bxa4 20. b5 Ba8 21. Nxa4 Rxc1 22. Rxc1 Qb8 23. Nb6 e5 24. Be3 Bxe4
25. Bxe4 Nxe4 26. Qd5 Nf6 27. Qc6 {
Schulze,U (2315)-Marceta,M (2142)/Pula 2009/CBM 131 Extra/1-0 (32)}) 13. c5 d5
14. Nxc6 bxc6 15. Bd4 Qc7 16. f4 Nh5 17. Bxg7 Kxg7 18. Qd4+ f6 19. Qf2 e5 20.
e3 f5 21. Na4 Rae8 22. Nb2 Bc8 23. Nd3 e4 24. Ne1 g5 25. Nc2 Re6 26. Kh2 {
Tibensky,R (2425)-Weiss,C (2290)/Linz 1996/EXT 1997/1-0 (56)}) 12. Qd2 Kh7 13.
Rac1 Nxd4 14. Bxd4 Qa5 15. Rfd1 Qh5 16. g4 Qa5 17. Bxf6 Bxf6 18. Nd5 Qa3 19.
Nxf6+ exf6 20. Rc2 Rd8 21. Bd5 Rd7 22. Qe3 (22. Qc3 Kg7 23. h4) 22... Qa5 23.
Qe8 Qc7 24. Rcd2 Re7 25. Qa4 Qc5 26. b4 Qc7 27. Qb3 Be6 28. e3 Rd7 29. e4 Rad8
30. a4 a5 31. Qc3 axb4 32. Qxb4 Qc5 33. Qxc5 dxc5 34. Rb2 f5 35. f3 fxe4 36.
fxe4 h5 37. gxh5 Bxh3 38. hxg6+ Kxg6 39. Rd3 Be6 40. Rb5 Rc7 41. Rdb3 Bxd5 42.
exd5 Rdd7 43. Kf2 Kf5 44. Kf3 Ke5 45. Ke3 f5 46. Rb6 f4+ 47. Kd3 Rf7 48. Re6+
Kf5 49. Rb1 Rf6 50. Rxf6+ Kxf6 51. Ke4 Rh7 52. Rf1 Kg5 53. Rg1+ Kf6 54. Kxf4
Rh2 55. Rf1 Ra2 56. Ke4+ Ke7 57. Ke5 Re2+ 58. Kf4 Ra2 59. Re1+ Kd7 60. Ke5 Rxa4
61. Rh1 Rxc4 62. Rh7+ Ke8 63. Rxb7 Rc1 64. Rc7 Kd8 65. Kd6 c4 66. Ra7 Kc8 $4 (
66... Ke8 $11) 67. Kc6 Kb8 68. Rb7+ Kc8 69. d6 Rd1 70. d7+ Kd8 71. Rb8+ Ke7 72.
Re8+ 1-0